logo

Bir Sreshtho Munshi Abdur Rouf Library
Jhenaidah Cadet College

Perspectives on our time; (Record no. 9397)

MARC details
000 -LEADER
fixed length control field 00856cam a22002771 4500
001 - CONTROL NUMBER
JCCL Control Number 9397
003 - CONTROL NUMBER IDENTIFIER
JCCL marc code BD-JhCC
005 - DATE AND TIME OF LATEST TRANSACTION
control field 20180313183457.0
008 - FIXED-LENGTH DATA ELEMENTS--GENERAL INFORMATION
fixed length control field 900926s1970 mauab b 000 0 eng
035 ## - SYSTEM CONTROL NUMBER
system control number (BD-JhCC)9397
040 ## - CATALOGING SOURCE
Original cataloging agency DLC
Transcribing agency DLC
Modifying agency DLC
-- BD-JhCC
041 ## - LANGUAGE CODE
Language code of Book eng
050 00 - LIBRARY OF CONGRESS CALL NUMBER
Classification number PE1122
Item number .D397
082 00 - DEWEY DECIMAL CLASSIFICATION NUMBER
Classification number 808/.0427
Author mark and Year DAV 1970
100 1# - MAIN ENTRY--PERSONAL NAME
Personal name Davy, Francis X.,
Dates associated with a name 1916-
245 10 - TITLE STATEMENT
Title Perspectives on our time;
Remainder of title issues and essays.
Statement of responsibility, etc Edited by Francis X. Davy [and] Robert E. Burkhart.
260 ## - PUBLICATION, DISTRIBUTION, ETC. (IMPRINT)
Place of publication, distribution, etc Boston,
Name of publisher, distributor, etc Houghton Mifflin
Date of publication, distribution, etc [1970]
300 ## - PHYSICAL DESCRIPTION
Pagination xvi, 425 p.
Other physical details illus., maps
Dimensions 24 cm.
504 ## - BIBLIOGRAPHY, ETC. NOTE
Bibliography, etc Includes bibliographies.
650 #0 - SUBJECT ADDED ENTRY--TOPICAL TERM
Topical term or geographic name as entry element College readers.
650 #0 - SUBJECT ADDED ENTRY--TOPICAL TERM
Topical term or geographic name as entry element Readers
General subdivision Civilization.
650 #0 - SUBJECT ADDED ENTRY--TOPICAL TERM
Topical term or geographic name as entry element Civilization, Modern
General subdivision Problems, exercises, etc.
700 1# - ADDED ENTRY--PERSONAL NAME
Personal name Burkhart, Robert E.,
942 ## - ADDED ENTRY ELEMENTS (KOHA)
Source of classification or shelving scheme Dewey Decimal Classification
Koha item type Books
Holdings
Source of classification or shelving scheme Damaged status Not for loan Home library Current library Shelving location Date of accession Total Checkouts Full call number Barcode Date last seen Date checked out Copy number Koha item type
Dewey Decimal Classification     JCC Rouf Library JCC Rouf Library General Stacks 12/11/2024 2 808/.0427 DAV 1970 12597 10/07/2025 07/02/2025 C - 1 Books

JCC Library | Contacts | JCC Home

Last Update on 23 September 2017
Copyright @ 2017-2020 JCC Rouf Library
Rouf Library, Jhenidah Cadet College (JCC), Bangladesh